|
|
|
|
| LEADER |
01375nam a2200385 a 4500 |
| 001 |
EBC3116993 |
| 003 |
MiAaPQ |
| 005 |
20200520144314.0 |
| 006 |
m o d | |
| 007 |
cr cn||||||||| |
| 008 |
981002s1999 cau sb 000 0 eng |
| 010 |
|
|
|z 98074377
|
| 020 |
|
|
|z 1560525223
|
| 035 |
|
|
|a (MiAaPQ)EBC3116993
|
| 035 |
|
|
|a (Au-PeEL)EBL3116993
|
| 035 |
|
|
|a (CaPaEBR)ebr10060424
|
| 035 |
|
|
|a (OCoLC)922967154
|
| 040 |
|
|
|a MiAaPQ
|c MiAaPQ
|d MiAaPQ
|
| 050 |
|
4 |
|a HF5547.15
|b .P65 1999
|
| 082 |
0 |
4 |
|a 650.1
|2 21
|
| 100 |
1 |
|
|a Pollar, Odette.
|
| 245 |
1 |
0 |
|a Organizing your work space
|h [electronic resource] :
|b a guide to personal productivty /
|c Odette Pollar.
|
| 250 |
|
|
|a Rev. ed.
|
| 260 |
|
|
|a Los Altos, Calif. :
|b Crisp Publications,
|c c1999.
|
| 300 |
|
|
|a x, 108 p.
|
| 490 |
1 |
|
|a A Fifty-Minute series book
|
| 504 |
|
|
|a Includes bibliographical references (p. 107).
|
| 533 |
|
|
|a Electronic reproduction. Ann Arbor, MI : ProQuest, 2015. Available via World Wide Web. Access may be limited to ProQuest affiliated libraries.
|
| 650 |
|
0 |
|a Paperwork (Office practice)
|x Management.
|
| 650 |
|
0 |
|a Time management.
|
| 650 |
|
0 |
|a Records
|x Management.
|
| 655 |
|
4 |
|a Electronic books.
|
| 710 |
2 |
|
|a ProQuest (Firm)
|
| 830 |
|
0 |
|a Fifty-Minute series.
|
| 856 |
4 |
0 |
|u https://ebookcentral.proquest.com/lib/matrademy/detail.action?docID=3116993
|z Click to View
|